Welcome to the Holygrace Academy Library

Please use search bar below to get started

AND THE MOUNTAINS ECHOED (Record no. 3324)

MARC details
000 -LEADER
fixed length control field 00568nam a22001457a 4500
020 ## - INTERNATIONAL STANDARD BOOK NUMBER
ISBN 978-9-3829-5100-1
082 ## - DEWEY DECIMAL CLASSIFICATION NUMBER
Classification number 823
Item number HOS/M
100 ## - MAIN ENTRY--AUTHOR NAME
Personal name HOSSEINI, KHALED
245 ## - TITLE STATEMENT
Title AND THE MOUNTAINS ECHOED
260 ## - PUBLICATION, DISTRIBUTION, ETC. (IMPRINT)
Place of publication DELHI
Name of publisher BLOOMSBURRY
Year of publication 2013
300 ## - PHYSICAL DESCRIPTION
Number of Pages 404
520 ## - SUMMARY, ETC.
Summary, etc And the Mountains Echoed (2013) concerns a brother and sister separated when the latter is given up for adoption because of their family's straitened circumstances. The novel chronicles the decades following the siblings' divergence in 1950s Afghanistan.
650 ## - SUBJECT ADDED ENTRY--TOPICAL TERM
Topical Term NOVEL
Geographic subdivision INDIA
942 ## - ADDED ENTRY ELEMENTS (KOHA)
Koha item type Books
Holdings
Withdrawn status Lost status Collection code Home library Current library Shelving location Date acquired Source of acquisition Cost, normal purchase price Full call number Accession Number Koha item type
    Fiction Main Library Main Library SHELF-14F- ALPHABETICAL H,I --ENGLISH NOVELS & FICTIONS 06/07/2013 purchase 599.00 823 HOS/M 07504 Books